|
|
|
|
| LEADER |
00000nam0a2200000 4500 |
| 001 |
92958 |
| 005 |
20231031104940.0 |
| 035 |
|
|
|a (RuTPU)RU\TPU\book\99564
|
| 090 |
|
|
|a 92958
|
| 100 |
|
|
|a 20060322d1967 k y0rusy50 ca
|
| 101 |
1 |
|
|a rus
|c eng
|
| 102 |
|
|
|a RU
|
| 105 |
|
|
|a a z 001zy
|
| 200 |
1 |
|
|a Диагностика плазмы
|e пер. с англ.
|f под ред. Р. Хаддлстоуна, С. Леонарда; пер. Е. И. Доброхотова, Н. Г. Ковальскиого, В. С. Муховатова
|
| 210 |
|
|
|a Москва
|c Мир
|d 1967
|
| 215 |
|
|
|a 515 с.
|c ил.
|
| 300 |
|
|
|a Доп. тит. лист
|
| 320 |
|
|
|a Библиогр.: с. 501.
|
| 320 |
|
|
|a Библиография в конце глав.
|
| 610 |
1 |
|
|a плазма
|
| 610 |
1 |
|
|a диагностика
|
| 610 |
1 |
|
|a физика
|
| 610 |
1 |
|
|a исследование
|
| 610 |
1 |
|
|a сборники
|
| 610 |
1 |
|
|a магнитные зонды
|
| 610 |
1 |
|
|a электрические зонды
|
| 675 |
|
|
|a 537.222
|v 3
|
| 702 |
|
1 |
|a Хаддлстоун
|b Р.
|4 340
|
| 702 |
|
1 |
|a Леонард
|b С.
|4 340
|
| 702 |
|
1 |
|a Доброхотов
|b Е. И.
|4 730
|
| 702 |
|
1 |
|a Ковальский
|b Н. Г.
|4 730
|
| 702 |
|
1 |
|a Муховатов
|b В. С.
|4 730
|
| 801 |
|
1 |
|a RU
|b 63413507
|c 20060322
|g PSBO
|
| 801 |
|
2 |
|a RU
|b 63413507
|c 20091216
|g PSBO
|
| 900 |
|
|
|a Плазмохимия
|
| 942 |
|
|
|c BK
|